000 00810nam a2200265Ia 4500
005 20220316235224.0
008 121119s2002 sp jr 000 f spa
020 _a8420636649
041 0 _aspa
100 1 _aVerne, Julio
_d1828-1905
245 1 3 _aLa isla misteriosa
_cJulio Verne
250 _aPrimera edición
264 1 _aMadrid
_bEditorial Alianza
_c2002
300 _a691 páginas
_c18 cm.
336 _atexto
_btxt
_2rdacontent
337 _asin mediación
_bn
_2rdamedia
338 _avolumen
_bnc
_2rdacarrier
650 1 4 _2LEMB
_aNovela francesa
_ySiglo XX
650 1 4 _2LEMB
_aNovela de aventuras
650 1 4 _2LEMB
_aHombres
_xInfluencia sobre la naturaleza
650 1 4 _2LEMB
_aLiteratura francesa
_ySiglo XX
942 _2loc
_cBKLIT
040 _aCO-BoRNBP
_bspa
_erda
_cCO-BoRNBP
084 _aN VER2
999 _c274
_d274